| 000 | 01109njm a22002537a 4500 | ||
|---|---|---|---|
| 005 | 20100907122649.0 | ||
| 007 | sd ammalaaahaa | ||
| 008 | 100830t xxu||||| |||| 00| 0 eng d | ||
| 028 |
_aN.54131 _bHis Master's Voice |
||
| 035 | _aGR-01116 | ||
| 040 |
_aSED _cSED |
||
| 100 |
_aMangeshkar, Lata _918698 |
||
| 245 |
_aMeri surat teri ankhen / _csung by Lata Mangeshkar; Music dtn by S.D. Burman ; Lyric by Shailendra _h[sound recording]: |
||
| 246 | _aमेरी सूरत तेरी ऑंखें / | ||
| 260 |
_aDum Dum, India: _bHis Master 's Voice _c1963 |
||
| 300 |
_a1 sound disc [GramphoneRecording]: _banalog,33.1/3 rpm _c9.5 in.(MP) _fGramphones Records |
||
| 500 | _aBrief Record | ||
| 505 | _aSide1 तेरे खयालो में (Tere khayaalo mein) (Lata Mangeshkar) Side 2 पूछो न कैसे मैंने (Manna Dey). | ||
| 650 |
_xExperts _zIndia _917446 _aMotion picture music |
||
| 700 |
_aBurman,S.D. _918759 |
||
| 700 |
_aShailendra _918760 |
||
| 942 |
_2ddc _cGR |
||
| 999 |
_c44214 _d44214 |
||